[Event "EU-ch Rapid"]
[Site "Zagreb"]
[Date "2023.12.14"]
[Round "5"]
[White "Dragnev, Valentin"]
[Black "Rubil, Marko"]
[Result "1-0"]
[WhiteElo "2579"]
[BlackElo "2267"]
[PlyCount "80"]
[EventDate "2023.12.14"]
[EventType "swiss (rapid)"]
[EventRounds "11"]
[EventCountry "CRO"]
[SourceTitle "CB51_2023"]
[SourceDate "2023.12.20"]
[SourceVersion "1"]
[SourceVersionDate "2023.12.20"]
[SourceQuality "1"]

1. e4 e5 2. Nf3 Nc6 3. Bb5 a6 4. Ba4 Nf6 5. 0-0 Be7 6. Bxc6 dxc6 7. d3 Nd7 8. Be3 0-0 9. Nbd2 Re8 10. Nc4 Bf8 11. h3 f6 12. Nh4 Nc5 13. Kh2 Be6 14. Nd2 Qd7 15. Qf3 Bf7 16. Nf5 Ne6 17. Qg3 Kh8 18. Kh1 c5 19. b3 Nd4 20. Bxd4 cxd4 21. Qh4 Bg6 22. Qg4 Re6 23. f4 Rc6 24. fxe5 fxe5 25. Nf3 Re8 26. Rf2 Rf6 27. N3h4 Bf7 28. Raf1 Be6 29. Qg5 Bb4 30. Qg3 Bg8 31. Nf3 Bd6 32. Ng5 Ref8 33. Nf3 g6 34. Nh6 Qe7 35. Qh4 Be6 36. Qg3 Bd7 37. Kh2 Qg7 38. Ng4 Rf4 39. Kg1 h5 40. Ngxe5 Bxe5 1-0

[Event "CRO-chT1A 31st"]
[Site "Veli Losinj"]
[Date "2023.10.16"]
[Round "6.6"]
[White "Rubil, Marko"]
[Black "Vojak, Daniel"]
[Result "0-1"]
[WhiteElo "2252"]
[BlackElo "2283"]
[PlyCount "76"]
[EventDate "2023.10.11"]
[EventType "team-tourn"]
[EventRounds "7"]
[EventCountry "CRO"]
[SourceTitle "Mega2024 Update 01"]
[Source "Chessbase"]
[SourceDate "2023.11.12"]
[SourceVersion "1"]
[SourceVersionDate "2023.11.12"]
[SourceQuality "1"]
[WhiteTeam "Pula"]
[BlackTeam "Sveta Nedelja"]
[WhiteTeamCountry "CRO"]
[BlackTeamCountry "CRO"]

1. e4 e6 2. d4 d5 3. e5 c5 4. c3 Nc6 5. Nf3 Qb6 6. Be2 cxd4 7. cxd4 Nge7 8. Na3 Nf5 9. Nc2 Bd7 10. 0-0 a5 11. g4 Nfe7 12. a4 h5 13. h3 Rc8 14. Na3 Nb4 15. Nb5 Ng6 16. Ra3 hxg4 17. hxg4 f6 18. Be3 Kf7 19. Rc3 Be7 20. Ne1 f5 21. gxf5 exf5 22. Bh5 Kg8 23. Rxc8+ Bxc8 24. Ng2 Nf8 25. Be2 g5 26. f4 g4 27. Bf2 Rh3 28. Qe1 Nc2 29. Qd2 Qh6 30. Bg3 Rxg3 31. Qxc2 Rh3 32. Bxg4 fxg4 33. Qxc8 g3 34. Qg4+ Kh8 35. Ne3 Rh1+ 36. Kg2 Qh2+ 37. Kf3 Rxf1+ 38. Nxf1 Qf2# 0-1

[Event "CRO-chT1A 31st"]
[Site "Veli Losinj"]
[Date "2023.10.13"]
[Round "3.6"]
[White "Rubil, Marko"]
[Black "Saric, Luka"]
[Result "0-1"]
[WhiteElo "2252"]
[BlackElo "2170"]
[PlyCount "80"]
[EventDate "2023.10.11"]
[EventType "team-tourn"]
[EventRounds "7"]
[EventCountry "CRO"]
[SourceTitle "Mega2024 Update 01"]
[Source "Chessbase"]
[SourceDate "2023.11.12"]
[SourceVersion "1"]
[SourceVersionDate "2023.11.12"]
[SourceQuality "1"]
[WhiteTeam "Pula"]
[BlackTeam "Split Mornar"]
[WhiteTeamCountry "CRO"]
[BlackTeamCountry "CRO"]

1. f4 c5 2. Nf3 Nf6 3. g3 g6 4. Bg2 Bg7 5. d3 d5 6. 0-0 0-0 7. Qe1 d4 8. a4 Nd5 9. Na3 Nc6 10. Bd2 Rb8 11. h3 e5 12. fxe5 Nxe5 13. Nxe5 Bxe5 14. Nc4 Bg7 15. g4 Be6 16. Qg3 Qd7 17. a5 b5 18. axb6 axb6 19. Ra6 b5 20. Nd6 c4 21. Rfa1 c3 22. bxc3 dxc3 23. Be1 Rfd8 24. Ne4 b4 25. Bf2 Qc8 26. Nc5 b3 27. cxb3 c2 28. d4 Nb4 29. Rd6 Rxd6 30. Qxd6 Qd8 31. Nb7 Qxd6 32. Nxd6 Bxb3 33. Be4 Bf8 34. Bg3 Bh6 35. Nf5 gxf5 36. Bxb8 fxe4 37. Kg2 c1Q 38. Ra8 Bd5 39. Bf4+ Bxa8 40. Bxc1 Bxc1 0-1

[Event "CRO-chT1A 31st"]
[Site "Veli Losinj"]
[Date "2023.10.12"]
[Round "2.6"]
[White "Zelic, Mladen"]
[Black "Rubil, Marko"]
[Result "0-1"]
[WhiteElo "2256"]
[BlackElo "2252"]
[PlyCount "138"]
[EventDate "2023.10.11"]
[EventType "team-tourn"]
[EventRounds "7"]
[EventCountry "CRO"]
[SourceTitle "Mega2024 Update 01"]
[Source "Chessbase"]
[SourceDate "2023.11.12"]
[SourceVersion "1"]
[SourceVersionDate "2023.11.12"]
[SourceQuality "1"]
[WhiteTeam "Bibinje Goran"]
[BlackTeam "Pula"]
[WhiteTeamCountry "CRO"]
[BlackTeamCountry "CRO"]

1. e4 e5 2. f4 d5 3. exd5 exf4 4. Nf3 Nf6 5. Bc4 c6 6. d4 cxd5 7. Bb5+ Nc6 8. Bxf4 Bd6 9. Qe2+ Be6 10. Bxd6 Qxd6 11. c3 0-0 12. 0-0 Bg4 13. Nbd2 a6 14. Bd3 Rae8 15. Qf2 Qf4 16. Rae1 Bh5 17. Qh4 Qxh4 18. Nxh4 Ng4 19. Be2 Rxe2 20. Rxe2 Nxh2 21. Rxf7 Bxe2 22. Rxf8+ Kxf8 23. Kxh2 Kf7 24. Kg3 Kf6 25. Kf2 Bd1 26. Nf1 g5 27. Ne3 Bh5 28. Nhf5 Bg6 29. Nd6 Nd8 30. Nc8 Ke6 31. b4 h5 32. a4 Be4 33. a5 Nf7 34. Nb6 Nd6 35. Na4 g4 36. Kg3 Kf6 37. Kf4 Nb5 38. g3 Bf3 39. Nf1 Bd1 40. Nc5 Nxc3 41. Nxb7 Be2 42. Nd2 Na2 43. Ke3 Bb5 44. Nd6 Nxb4 45. Nxb5 axb5 46. Nb1 Na6 47. Nc3 Nc7 48. Na2 Na6 49. Nc3 Nc7 50. Na2 Kg5 51. Nb4 h4 52. gxh4+ Kxh4 53. Kf2 Kh3 54. Kg1 Kg3 55. a6 Kf3 56. a7 Ke4 57. Nc6 Kd3 58. Kf2 Na8 59. Kg3 Kc3 60. Kxg4 b4 61. Nxb4 Kxb4 62. Kf5 Kb5 63. Ke5 Kc6 64. Ke6 Nb6 65. Ke5 Kb7 66. Kd6 Kxa7 67. Kc6 Ka6 68. Kc5 Ka5 69. Kc6 Kb4 0-1

[Event "Pula op 35th"]
[Site "Pula"]
[Date "2023.06.22"]
[Round "6"]
[White "Cabanas Jimenez, Manuel"]
[Black "Rubil, Marko"]
[Result "1/2-1/2"]
[WhiteElo "2104"]
[BlackElo "2257"]
[PlyCount "244"]
[EventDate "2023.06.17"]
[EventType "swiss"]
[EventRounds "9"]
[EventCountry "CRO"]
[SourceTitle "CBM 214 Extra"]
[Source "ChessBase"]
[SourceDate "2023.07.31"]
[SourceVersion "1"]
[SourceVersionDate "2023.07.31"]
[SourceQuality "1"]

1. e4 e5 2. Nc3 Nf6 3. Bc4 Nc6 4. d3 Bb4 5. Nf3 d6 6. Bg5 h6 7. Bd2 Na5 8. Bb3 Nxb3 9. axb3 c6 10. h3 Be6 11. Qe2 a5 12. Nd1 Bxd2+ 13. Nxd2 0-0 14. 0-0 Nd7 15. Ne3 b5 16. Qf3 Qg5 17. Qg3 Qxg3 18. fxg3 g6 19. g4 Nc5 20. Nf3 a4 21. b4 Na6 22. c3 c5 23. bxc5 Nxc5 24. Ne1 Kg7 25. N3c2 d5 26. exd5 Bxd5 27. Nb4 Bb7 28. Nec2 Rad8 29. Rae1 Nxd3 30. Nxd3 Rxd3 31. Rxe5 Rd2 32. Rf2 Rfd8 33. Ree2 Rxe2 34. Rxe2 Rd1+ 35. Kf2 Bd5 36. Ne3 Rd3 37. Nxd5 Rxd5 38. Kf3 f5 39. gxf5 Rxf5+ 40. Ke4 Rc5 41. Kd4 Rc4+ 42. Kd3 Kf6 43. g3 Rc5 44. Re4 Rd5+ 45. Ke3 Rg5 46. g4 Rc5 47. Kf4 g5+ 48. Ke3 a3 49. Kd2 axb2 50. Rb4 Ke5 51. Kd3 b1Q+ 52. Rxb1 Kf4 53. Kd4 Rc4+ 54. Kd3 Rc5 55. Kd4 Rc4+ 56. Kd3 Rc6 57. Rxb5 Rd6+ 58. Kc4 Kg3 59. Re5 Kxh3 60. Re4 Rf6 61. Kb5 Rf4 62. Re6 Kxg4 63. Rxh6 Kf3 64. c4 g4 65. Rg6 g3 66. Rxg3+ Kxg3 67. c5 Rf8 68. Kc6 Kf4 69. Kd6 Rf6+ 70. Kd5 Rf5+ 71. Kd6 Rf6+ 72. Kd5 Rf5+ 73. Kd6 Ke4 74. c6 Rf6+ 75. Kd7 Kd5 76. c7 Rf7+ 77. Kd8 Kd6 78. c8N+ Ke6 79. Nb6 Rb7 80. Nc8 Rd7+ 81. Ke8 Rh7 82. Kd8 Rb7 83. Ke8 Rc7 84. Kd8 Rd7+ 85. Ke8 Rd4 86. Ne7 Rh4 87. Ng8 Rh8 88. Kf8 Rh7 89. Ke8 Rf7 90. Nh6 Ra7 91. Kf8 Kf6 92. Ng8+ Kf5 93. Ke8 Ke6 94. Kf8 Rf7+ 95. Ke8 Rf4 96. Ne7 Rc4 97. Kd8 Rh4 98. Nc8 Rh7 99. Nb6 Ra7 100. Nc8 Rb7 101. Ke8 Rh7 102. Kd8 Rb7 103. Ke8 Rd7 104. Nb6 Rh7 105. Kd8 Kd6 106. Nc8+ Kd5 107. Ke8 Kc6 108. Ne7+ Kc7 109. Ng8 Kd6 110. Kf8 Ke6 111. Ke8 Rf7 112. Nh6 Ra7 113. Kf8 Ra8+ 114. Kg7 Ra2 115. Kf8 Rg2 116. Ng8 Rg6 117. Ne7 Rf6+ 118. Ke8 Rf4 119. Ng8 Ra4 120. Kf8 Ra7 121. Nh6 Rd7 122. Ng8 Ke5 1/2-1/2

[Event "Vienna Schev May"]
[Site "Vienna"]
[Date "2023.05.20"]
[Round "7"]
[White "Dotzer, Lukas"]
[Black "Rubil, Marko"]
[Result "1/2-1/2"]
[WhiteElo "2388"]
[BlackElo "2243"]
[PlyCount "169"]
[EventDate "2023.05.17"]
[EventType "schev"]
[EventRounds "9"]
[EventCountry "AUT"]
[SourceTitle "CBM 214 Extra"]
[Source "ChessBase"]
[SourceDate "2023.07.31"]
[SourceVersion "1"]
[SourceVersionDate "2023.07.31"]
[SourceQuality "1"]
[WhiteTeam "Team C"]
[BlackTeam "Team B"]
[WhiteTeamCountry "AUT"]
[BlackTeamCountry "AUT"]

1. e4 e5 2. Nf3 Nc6 3. Bb5 a6 4. Ba4 Nf6 5. 0-0 Be7 6. Re1 b5 7. Bb3 d6 8. c3 0-0 9. h3 Nb8 10. d4 Nbd7 11. Nbd2 Bb7 12. Bc2 Re8 13. Nf1 Bf8 14. Ng3 g6 15. a4 Bg7 16. Bd3 c6 17. b3 Qc7 18. Bb2 d5 19. axb5 cxb5 20. exd5 Nxd5 21. c4 Nf4 22. cxb5 Nxd3 23. Qxd3 axb5 24. Rxa8 Bxa8 25. Nxe5 Nxe5 26. dxe5 Qc6 27. f3 h5 28. Qd4 Qc2 29. b4 Qc4 30. Qxc4 bxc4 31. Ne4 Bd5 32. Bc3 Kf8 33. f4 Ra8 34. b5 Ra2 35. h4 Rc2 36. b6 Ke8 37. Ba1 Bxe4 38. Rxe4 Rc1+ 39. Kf2 Rxa1 40. Rxc4 Rb1 41. Rc8+ Ke7 42. Rc7+ Ke6 43. b7 Bh6 44. g3 Rb3 45. Ke2 Bg7 46. Kf2 Bh6 47. Ke2 Rb5 48. Kf3 Rb2 49. Ke4 Rb4+ 50. Kf3 Bg7 51. Ke2 Rb3 52. Kf2 Bh6 53. Ke2 Rb2+ 54. Kf3 Rb3+ 55. Ke2 Bg7 56. Kf2 Rb5 57. Ke3 Bh6 58. Kf3 Rb2 59. Ke4 Rb3 60. Kd4 Bf8 61. Rc8 Rxb7 62. Rxf8 Rb3 63. Re8+ Kd7 64. Ra8 Rxg3 65. Ra7+ Ke6 66. Ra6+ Ke7 67. Ra7+ Ke6 68. Ra6+ Ke7 69. Ra7+ Kf8 70. e6 fxe6 71. Ke5 Rg4 72. Kf6 Kg8 73. Rg7+ Kh8 74. Rxg6 Kh7 75. Rg5 Rxf4+ 76. Kxe6 Rxh4 77. Kf5 Rh1 78. Rg2 Kh6 79. Rg6+ Kh7 80. Rg2 h4 81. Kg4 h3 82. Rg3 h2 83. Kh3 Rg1 84. Kxh2 Rxg3 85. Kxg3 1/2-1/2

[Event "Vienna Schev May"]
[Site "Vienna"]
[Date "2023.05.20"]
[Round "6"]
[White "Rubil, Marko"]
[Black "Balint, Peter1111"]
[Result "1-0"]
[WhiteElo "2243"]
[BlackElo "2222"]
[PlyCount "87"]
[EventDate "2023.05.17"]
[EventType "schev"]
[EventRounds "9"]
[EventCountry "AUT"]
[SourceTitle "CBM 214 Extra"]
[Source "ChessBase"]
[SourceDate "2023.07.31"]
[SourceVersion "1"]
[SourceVersionDate "2023.07.31"]
[SourceQuality "1"]
[WhiteTeam "Team B"]
[BlackTeam "Team C"]
[WhiteTeamCountry "AUT"]
[BlackTeamCountry "AUT"]

1. e4 c5 2. Ne2 e6 3. d4 cxd4 4. Nxd4 a6 5. g3 Qc7 6. Bg2 b6 7. 0-0 Bb7 8. b3 d6 9. Bb2 Nf6 10. Qe2 Nbd7 11. c4 g6 12. f4 Bg7 13. e5 dxe5 14. fxe5 Ng8 15. Nd2 Ne7 16. Nxe6 fxe6 17. Bxb7 Qxb7 18. Ne4 Qc6 19. Nd6+ Kd8 20. Rf7 Bxe5 21. Bxe5 Qc5+ 22. Rf2 Kc7 23. Bxh8 Rxh8 24. Rd1 Nc6 25. Ne4 Qe7 26. Qd2 Nde5 27. Qd6+ Qxd6 28. Rxd6 Re8 29. Rf6 Re7 30. Kg2 Nd8 31. c5 bxc5 32. Rxa6 Nd7 33. Rf1 e5 34. Rc1 Ne6 35. b4 Kb7 36. Ra3 cxb4 37. Nd6+ Kb6 38. Nc8+ Kb5 39. Nd6+ Kb6 40. Rb3 Ka5 41. a3 Nd4 42. Rxb4 Re6 43. Nb7+ Ka6 44. Rc7 1-0

[Event "Vienna Schev May"]
[Site "Vienna"]
[Date "2023.05.19"]
[Round "5"]
[White "Nemeth, Miklos"]
[Black "Rubil, Marko"]
[Result "1/2-1/2"]
[WhiteElo "2452"]
[BlackElo "2243"]
[PlyCount "67"]
[EventDate "2023.05.17"]
[EventType "schev"]
[EventRounds "9"]
[EventCountry "AUT"]
[SourceTitle "CBM 214 Extra"]
[Source "ChessBase"]
[SourceDate "2023.07.31"]
[SourceVersion "1"]
[SourceVersionDate "2023.07.31"]
[SourceQuality "1"]
[WhiteTeam "Team D"]
[BlackTeam "Team B"]
[WhiteTeamCountry "AUT"]
[BlackTeamCountry "AUT"]

1. e4 e5 2. Nf3 Nc6 3. d4 exd4 4. Nxd4 Bc5 5. Be3 Qf6 6. c3 Nge7 7. g3 0-0 8. Bg2 Bb6 9. 0-0 d6 10. Na3 Ne5 11. h3 a6 12. Qe2 Bd7 13. Rad1 Rfe8 14. Rfe1 Rad8 15. Kh2 Nc8 16. Ndc2 Bxe3 17. Nxe3 Nb6 18. f4 Nc6 19. Nac4 Nxc4 20. Qxc4 b5 21. Qd3 Ne7 22. Nd5 Nxd5 23. exd5 Bf5 24. Be4 Bxe4 25. Rxe4 Re7 26. Rde1 Rde8 27. Kg2 g6 28. Rxe7 Rxe7 29. Rxe7 Qxe7 30. Kf2 Qd7 31. Kg2 Qe7 32. Kf2 Qd7 33. Kg2 Qe7 34. Kf2 1/2-1/2

[Event "Vienna Schev May"]
[Site "Vienna"]
[Date "2023.05.18"]
[Round "2"]
[White "Rubil, Marko"]
[Black "Mozny, Milos"]
[Result "1-0"]
[WhiteElo "2243"]
[BlackElo "2236"]
[PlyCount "143"]
[EventDate "2023.05.17"]
[EventType "schev"]
[EventRounds "9"]
[EventCountry "AUT"]
[SourceTitle "CBM 214 Extra"]
[Source "ChessBase"]
[SourceDate "2023.07.31"]
[SourceVersion "1"]
[SourceVersionDate "2023.07.31"]
[SourceQuality "1"]
[WhiteTeam "Team B"]
[BlackTeam "Team D"]
[WhiteTeamCountry "AUT"]
[BlackTeamCountry "AUT"]

1. e4 c5 2. Nf3 e6 3. d4 cxd4 4. Nxd4 d6 5. Nc3 Be7 6. Be3 Nf6 7. f3 Nc6 8. Qd2 Nxd4 9. Bxd4 a6 10. a4 e5 11. Be3 Be6 12. Nd5 Nxd5 13. exd5 Bf5 14. Be2 Rc8 15. c3 h6 16. 0-0 0-0 17. a5 Bg5 18. f4 exf4 19. Bxf4 Be4 20. c4 f5 21. Bxg5 Qxg5 22. Qxg5 hxg5 23. Ra3 g4 24. Rb3 Rc7 25. Rb6 Rd8 26. Re1 Kf7 27. Bxg4 Rxc4 28. Rxb7+ Kf6 29. Bf3 Rdc8 30. Rd7 Rc1 31. Rxc1 Rxc1+ 32. Kf2 Ke5 33. Rxg7 Rc2+ 34. Kg3 Rxb2 35. Ra7 Rb8 36. h4 f4+ 37. Kf2 Rb2+ 38. Kg1 Bxf3 39. gxf3 Kd4 40. Re7 Rb5 41. Re4+ Kxd5 42. Rxf4 Ke5 43. Rg4 Kf6 44. Ra4 Rb2 45. Rc4 Ra2 46. Rc6 Rxa5 47. Rxd6+ Ke5 48. Rd2 Ra4 49. h5 Kf4 50. Kg2 Kg5 51. Rd5+ Kh6 52. Kg3 a5 53. f4 Ra1 54. Kg4 Rg1+ 55. Kf5 Rh1 56. Kf6 a4 57. Ra5 Ra1 58. Kf7 a3 59. f5 a2 60. f6 Kh7 61. Ra8 Rb1 62. Rxa2 Rb7+ 63. Ke6 Rb6+ 64. Ke7 Rb7+ 65. Kd8 Rb8+ 66. Kd7 Rb7+ 67. Kd8 Rb8+ 68. Kd7 Rb7+ 69. Kc6 Rf7 70. Rf2 Kg8 71. Kd6 Ra7 72. Rg2+ 1-0

[Event "CRO Cup"]
[Site "Mali Losinj"]
[Date "2023.05.13"]
[Round "5.3"]
[White "Blazeka, Matej"]
[Black "Rubil, Marko"]
[Result "1/2-1/2"]
[WhiteElo "2332"]
[BlackElo "2243"]
[PlyCount "93"]
[EventDate "2023.05.10"]
[EventType "team-swiss"]
[EventRounds "6"]
[EventCountry "CRO"]
[SourceTitle "CBM 214 Extra"]
[Source "ChessBase"]
[SourceDate "2023.07.31"]
[SourceVersion "1"]
[SourceVersionDate "2023.07.31"]
[SourceQuality "1"]
[WhiteTeam "Zagreb Mladost"]
[BlackTeam "Pula"]
[WhiteTeamCountry "CRO"]
[BlackTeamCountry "CRO"]

1. d4 f5 2. Nf3 Nf6 3. Bf4 d6 4. h3 g6 5. c4 Bg7 6. Nc3 0-0 7. e3 e6 8. Be2 Qe7 9. 0-0 h6 10. Bh2 Nbd7 11. Nb5 Ne8 12. c5 Ndf6 13. cxd6 cxd6 14. Rc1 Bd7 15. Qb3 Rf7 16. Nc7 Rd8 17. Nxe8 Bxe8 18. Bc4 Nd5 19. Bxd5 exd5 20. Qxd5 Bc6 21. Qb3 Qe4 22. Rfd1 Bd5 23. Qa3 Bf8 24. Qxa7 g5 25. Qb6 Ra8 26. a3 g4 27. hxg4 fxg4 28. Ne1 h5 29. Qb4 h4 30. Bxd6 g3 31. Rc2 gxf2+ 32. Rxf2 Qxe3 33. Nf3 h3 34. Re1 h2+ 35. Bxh2 Qxf2+ 36. Kxf2 Bxb4 37. axb4 Ra2 38. Re2 Ra4 39. Bd6 Ra6 40. Re8+ Kh7 41. Be5 Ra2 42. Ke3 Kg6 43. Rg8+ Kh6 44. Rh8+ Kg6 45. Rg8+ Kh6 46. Rh8+ Kg6 47. Rg8+ 1/2-1/2

[Event "CRO Cup"]
[Site "Mali Losinj"]
[Date "2023.05.11"]
[Round "2.3"]
[White "Rubil, Marko"]
[Black "Armanda, Ivica"]
[Result "1/2-1/2"]
[WhiteElo "2243"]
[BlackElo "2235"]
[PlyCount "48"]
[EventDate "2023.05.10"]
[EventType "team-swiss"]
[EventRounds "6"]
[EventCountry "CRO"]
[SourceTitle "CBM 214 Extra"]
[Source "ChessBase"]
[SourceDate "2023.07.31"]
[SourceVersion "1"]
[SourceVersionDate "2023.07.31"]
[SourceQuality "1"]
[WhiteTeam "Pula"]
[BlackTeam "Solin Cemex"]
[WhiteTeamCountry "CRO"]
[BlackTeamCountry "CRO"]

1. e4 c5 2. Nf3 d6 3. d4 cxd4 4. Nxd4 Nf6 5. Nc3 g6 6. Be3 Bg7 7. f3 0-0 8. Qd2 Nc6 9. Bc4 Bd7 10. 0-0-0 Rc8 11. Bb3 Ne5 12. Kb1 Nc4 13. Bxc4 Rxc4 14. g4 b5 15. Qd3 Qb8 16. h4 Rfc8 17. h5 b4 18. Nd5 Nxd5 19. exd5 Qb7 20. hxg6 hxg6 21. Qe4 e5 22. dxe6 Qxe4 23. exf7+ Kxf7 24. fxe4 Bxg4 1/2-1/2

[Event "AUT-chT2O 2223"]
[Site "Austria"]
[Date "2023.04.22"]
[Round "10.3"]
[White "Rubil, Marko"]
[Black "Geroe, Leonhard"]
[Result "1/2-1/2"]
[WhiteElo "2270"]
[BlackElo "1902"]
[PlyCount "45"]
[EventDate "2022.10.15"]
[EventType "team-tourn"]
[EventRounds "11"]
[EventCountry "AUT"]
[SourceTitle "EXT 2024"]
[Source "ChessBase"]
[SourceDate "2023.10.10"]
[SourceVersion "1"]
[SourceVersionDate "2023.10.10"]
[SourceQuality "1"]
[WhiteTeam "Pamhagen"]
[BlackTeam "Donaustadt"]
[WhiteTeamCountry "AUT"]
[BlackTeamCountry "AUT"]

1. e4 c5 2. Ne2 Nc6 3. d4 cxd4 4. Nxd4 g6 5. c4 Nf6 6. Nc3 Nxd4 7. Qxd4 d6 8. Be2 Bg7 9. Be3 0-0 10. Qd2 Be6 11. 0-0 a6 12. f3 Qa5 13. Nd5 Qxd2 14. Bxd2 Nxd5 15. exd5 Bd7 16. Bc3 Bxc3 17. bxc3 b5 18. Rfb1 Rfc8 19. cxb5 axb5 20. Bxb5 Bxb5 21. Rxb5 Rxc3 22. a4 Rc5 23. Rxc5 1/2-1/2

[Event "AUT-chT2O 2223"]
[Site "Austria"]
[Date "2023.02.18"]
[Round "8.2"]
[White "Ramiro Ovejero, Juan Luis"]
[Black "Rubil, Marko"]
[Result "1-0"]
[WhiteElo "2298"]
[BlackElo "2270"]
[PlyCount "141"]
[EventDate "2022.10.15"]
[EventType "team-tourn"]
[EventRounds "11"]
[EventCountry "AUT"]
[SourceTitle "CBM 213 Extra"]
[Source "ChessBase"]
[SourceDate "2023.05.31"]
[SourceVersion "1"]
[SourceVersionDate "2023.05.31"]
[SourceQuality "1"]
[WhiteTeam "Wien Austria"]
[BlackTeam "Pamhagen"]
[WhiteTeamCountry "AUT"]
[BlackTeamCountry "AUT"]

1. e4 e5 2. Nf3 Nc6 3. Bb5 a6 4. Ba4 Nf6 5. 0-0 Be7 6. d3 b5 7. Bb3 d6 8. a3 Bg4 9. Be3 Nd4 10. Bxd4 exd4 11. Nbd2 c5 12. e5 Bxf3 13. Nxf3 dxe5 14. Nxe5 0-0 15. f4 Bd6 16. Qf3 Qc8 17. a4 b4 18. Rae1 Ra7 19. h3 h5 20. Nc4 Bc7 21. Re5 Bb8 22. Rg5 Kh8 23. Nb6 Qd8 24. Nd5 g6 25. Nxf6 Qxf6 26. Rxc5 Re7 27. Rc6 Qh4 28. Qd5 Kh7 29. Qg5 Qxg5 30. fxg5 Bg3 31. Rxa6 Kg7 32. Raf6 Bh4 33. R6f4 Bxg5 34. Re4 f5 35. Rxe7+ Bxe7 36. a5 Ra8 37. Ra1 Bc5 38. a6 Ra7 39. Bd5 Re7 40. Bb7 b3 41. cxb3 Ba7 42. Rc1 Kf6 43. h4 Re3 44. Bf3 Bb8 45. Kf1 Re6 46. Bc6 g5 47. hxg5+ Kxg5 48. b4 Ba7 49. b5 Re5 50. Bd7 Rc5 51. Re1 Kf4 52. Kg1 Rd5 53. Bc6 Rc5 54. Re7 Rc1+ 55. Kh2 Bc5 56. g3+ Kg5 57. Rg7+ Kf6 58. Rc7 Bd6 59. Rd7 Rc2+ 60. Kh3 Bc5 61. a7 Bxa7 62. Rxa7 Rxb2 63. Rd7 Rb4 64. Bf3 Rxb5 65. Rxd4 Rb8 66. Bxh5 Rh8 67. Kh4 Ke5 68. Ra4 Rd8 69. d4+ Ke4 70. Kg5 Rg8+ 71. Bg6 1-0

[Event "CRO-chT1A 30th"]
[Site "Porec"]
[Date "2022.09.30"]
[Round "7.2"]
[White "Rubil, Marko"]
[Black "Rogulj, Branko"]
[Result "1-0"]
[WhiteElo "2270"]
[BlackElo "2354"]
[PlyCount "85"]
[EventDate "2022.09.24"]
[EventType "team-tourn"]
[EventRounds "9"]
[EventCountry "CRO"]
[SourceTitle "CBM 210 Extra"]
[Source "ChessBase"]
[SourceDate "2022.11.30"]
[SourceVersion "1"]
[SourceVersionDate "2022.11.30"]
[SourceQuality "1"]
[WhiteTeam "Pula"]
[BlackTeam "Zagreb Zagreb"]
[WhiteTeamCountry "CRO"]
[BlackTeamCountry "CRO"]

1. e4 e5 2. Nf3 Nc6 3. Bb5 Nf6 4. d3 d6 5. 0-0 g6 6. c3 Bg7 7. Re1 0-0 8. Nbd2 a6 9. Ba4 b5 10. Bb3 Bb7 11. Nf1 Na5 12. Bc2 c5 13. h3 Re8 14. Bg5 d5 15. Ne3 dxe4 16. dxe4 Qxd1 17. Nxd1 Nc4 18. Nh2 Nd7 19. Nf1 f6 20. Bc1 Ndb6 21. a4 Nd6 22. Be3 Nd7 23. f3 Kf7 24. Nd2 Rec8 25. Nb3 Nc4 26. Bc1 Ndb6 27. Nd2 Ke7 28. Nxc4 Nxc4 29. Ne3 Nxe3 30. Bxe3 Ke6 31. Red1 Bf8 32. Kf2 c4 33. b3 Bc6 34. b4 Be7 35. Ke2 f5 36. Ra2 f4 37. Bf2 g5 38. Rda1 h6 39. Ke1 h5 40. Ke2 Rg8 41. axb5 axb5 42. Ra6 Rgc8 43. Rxc6+ 1-0

[Event "CRO-chT1A 30th"]
[Site "Porec"]
[Date "2022.09.29"]
[Round "6.5"]
[White "Cotic, Borna"]
[Black "Rubil, Marko"]
[Result "1/2-1/2"]
[WhiteElo "2133"]
[BlackElo "2270"]
[PlyCount "125"]
[EventDate "2022.09.24"]
[EventType "team-tourn"]
[EventRounds "9"]
[EventCountry "CRO"]
[SourceTitle "CBM 210 Extra"]
[Source "ChessBase"]
[SourceDate "2022.11.30"]
[SourceVersion "1"]
[SourceVersionDate "2022.11.30"]
[SourceQuality "1"]
[WhiteTeam "Split Mornar"]
[BlackTeam "Pula"]
[WhiteTeamCountry "CRO"]
[BlackTeamCountry "CRO"]

1. e4 e5 2. Nf3 Nc6 3. Nc3 Nf6 4. d4 exd4 5. Nxd4 Bc5 6. Be3 Bb6 7. Nf5 0-0 8. Bxb6 axb6 9. Ne3 Re8 10. Bd3 b5 11. a3 b4 12. axb4 Rxa1 13. Qxa1 Nxb4 14. 0-0 d6 15. Qa4 Nxd3 16. cxd3 Bd7 17. Qc2 c6 18. Qb3 b5 19. Ra1 Qb8 20. Qb4 h5 21. Ra6 Qc7 22. Qa5 Qxa5 23. Rxa5 b4 24. Ne2 Rb8 25. Nd4 g6 26. Ra6 c5 27. Ne2 Nxe4 28. dxe4 Bb5 29. Rxd6 Bxe2 30. Rc6 Ra8 31. f4 Ra2 32. Rxc5 Rxb2 33. Nd5 b3 34. Rc8+ Kg7 35. Rb8 Bc4 36. Ne3 Be6 37. f5 gxf5 38. exf5 Bd7 39. Kf1 Ba4 40. Nd1 Rb1 41. Ke2 Bc6 42. g3 Be4 43. Ne3 Rb2+ 44. Kd1 Bf3+ 45. Kc1 Rxh2 46. Rxb3 Rh3 47. Kd2 Rxg3 48. Ke1 Be4 49. Kf2 Rf3+ 50. Kg1 Kf6 51. Rb6+ Kg5 52. Nf1 Bxf5 53. Kg2 Ra3 54. Ng3 Ra2+ 55. Kg1 Bg4 56. Rb5+ f5 57. Ne4+ Kf4 58. Nf2 Bf3 59. Rb1 Kg3 60. Nh1+ Kf4 61. Nf2 Ra8 62. Kh2 Ra2 63. Kg1 1/2-1/2

[Event "CRO-chT1A 30th"]
[Site "Porec"]
[Date "2022.09.27"]
[Round "4.5"]
[White "Rubil, Marko"]
[Black "Mrkonjic, Nenad"]
[Result "0-1"]
[WhiteElo "2270"]
[BlackElo "2347"]
[PlyCount "57"]
[EventDate "2022.09.24"]
[EventType "team-tourn"]
[EventRounds "9"]
[EventCountry "CRO"]
[SourceTitle "CBM 210 Extra"]
[Source "ChessBase"]
[SourceDate "2022.11.30"]
[SourceVersion "1"]
[SourceVersionDate "2022.11.30"]
[SourceQuality "1"]
[WhiteTeam "Pula"]
[BlackTeam "Osijek Ferit"]
[WhiteTeamCountry "CRO"]
[BlackTeamCountry "CRO"]

1. e4 c6 2. d4 d5 3. e5 c5 4. dxc5 e6 5. a3 Nd7 6. Nf3 a5 7. Bb5 Bxc5 8. Nc3 Ne7 9. 0-0 Ng6 10. Na4 Ba7 11. Bg5 Qc7 12. c4 d4 13. Re1 h6 14. Bd2 0-0 15. b4 Rd8 16. c5 Ndf8 17. bxa5 Rb8 18. Rc1 Bd7 19. Bxd7 Qxd7 20. Nb6 Qc6 21. Rc4 Bxb6 22. axb6 Nd7 23. Qc1 Rbc8 24. Nxd4 Qd5 25. Nb5 Rxc5 26. Rxc5 Nxc5 27. Nd6 Nxe5 28. Bb4 Ned3 29. Qe3 0-1

[Event "CRO-chT1A 30th"]
[Site "Porec"]
[Date "2022.09.25"]
[Round "2.4"]
[White "Rubil, Marko"]
[Black "Cvitan, Ognjen"]
[Result "1/2-1/2"]
[WhiteElo "2270"]
[BlackElo "2445"]
[PlyCount "26"]
[EventDate "2022.09.24"]
[EventType "team-tourn"]
[EventRounds "9"]
[EventCountry "CRO"]
[SourceTitle "CBM 210 Extra"]
[Source "ChessBase"]
[SourceDate "2022.11.30"]
[SourceVersion "1"]
[SourceVersionDate "2022.11.30"]
[SourceQuality "1"]
[WhiteTeam "Pula"]
[BlackTeam "Solin Cemex"]
[WhiteTeamCountry "CRO"]
[BlackTeamCountry "CRO"]

1. e4 c6 2. d4 d5 3. e5 c5 4. dxc5 e6 5. a3 Bxc5 6. b4 Be7 7. Nf3 a5 8. b5 Nd7 9. Bd3 f6 10. Bb2 fxe5 11. Nxe5 Nxe5 12. Bxe5 Nf6 13. 0-0 0-0 1/2-1/2